00514nam a2200193 a 4500001001300000003000900013005001700022008004100039020002300080082001700103100001900120245004500139260004600184300000900230500003500239505001000274650001700284700001900301nice12345678IN_TiNIC20260116013757.0050524s1997 mada grp 000 0 tam  a8120674 c19500a894.811bJEN aJensen, Herman aClassified Collection of Tamil Proverbs. aMadrasbAsian Educational Services c1997 a499p aincludes index and biblioraphy2 aIndex aTamil Poetry1 aJensen, Herman